000 01030nas a2200337 4500
001 BR0401888
003 BR-BrBNA
005 20231205104437.0
007 ta
008 230509b bl.|||p| |||| 00| 00por d
040 _aBR-BrBNA
_bpor
_cBiblioteca Nacional de Agricultura
041 _a(Pt)
072 _aQ04
100 1 _aBernardes-Silva, A.P.F.
100 1 _aLajolo, F.M.
100 1 _aCordenunsi, B.R.
245 1 _aEvolução dos teores de amido e açúcares solúveis durante o desenvolvimento e amadurecimento de diferentes cultivares de manga
650 _aMANGA
650 _aAMIDO
650 _aAÇÚCAR
650 _aSACAROSE
650 _aCRESCIMENTO
650 _aMATURAÇÃO
650 _aCROMATOGRAFIA
650 _aANÁLISE QUÍMICA
650 _aPRÉ-COLHEITA
650 _aPÓS-COLHEITA
773 0 _tCiência e Tecnologia de Alimentos (Brazil)
_xISSN 0101-2061
_g(Dec 2003), v. 23 (Suplemento) p. 116-120
_wBR0401888
909 _a202311
_bLúcia
_c55
_dLúcia Elande
942 _2AGRIS
_n0
_cANA
999 _c178175
_d178175